| 000 | 00563nam a2200181 a 4500 | ||
|---|---|---|---|
| 005 | 20241012063735.0 | ||
| 008 | 100519s2003 mx r 000 0 spa d | ||
| 035 | _aUPN01000175961 | ||
| 049 | _aCG | ||
| 050 | 4 |
_aRC480 _bA4.7 |
|
| 245 | 0 | 0 |
_aAlternativas de intervención psicológica en tiempos actuales / _ccomp. Claudia Paz Román. |
| 260 |
_aMéxico : _bUAM, Unidad Xochimilco, _c2003. |
||
| 300 |
_a195 p. : _bil. |
||
| 650 | 4 |
_aPsicoterapia _98720 |
|
| 650 | 2 |
_aIntervención psicológica _97279 |
|
| 700 | 1 |
_aPaz Román, Claudia, _ecomp. |
|
| 905 | _aLibro | ||
| 999 |
_c148064 _d148064 |
||